Attaining preeminence in semiconductors

সংরক্ষণ করুন:
গ্রন্থ-পঞ্জীর বিবরন
বিন্যাস: গ্রন্থ
ভাষা:Undetermined
প্রকাশিত: Washington 1992
বিষয়গুলি:
ট্যাগগুলো: ট্যাগ যুক্ত করুন
কোনো ট্যাগ নেই, প্রথমজন হিসাবে ট্যাগ করুন!
Thư viện lưu trữ: Trung tâm Học liệu Trường Đại học Cần Thơ
LEADER 00395nam a2200145Ia 4500
001 CTU_98440
008 210402s9999 xx 000 0 und d
082 |a 338 
082 |b A883 
245 0 |a Attaining preeminence in semiconductors 
260 |a Washington 
260 |c 1992 
650 |a Semiconductors industry 
904 |i Tuyến 
980 |a Trung tâm Học liệu Trường Đại học Cần Thơ